• 首页
  • 本馆介绍
  • 公告通知
  • 最新文献
  • 馆藏检索
  • 电子资源
  • 读者导购
  • 参考咨询
  • 我的图书馆
  • 登录
  • 详细信息显示
  • 放入我的书架
  • 预约/预借图书
  • 作者相关作品
  • 分类相关作品
  • 丛书相关作品
  • 出版社相关作品

书目信息

  • 表格格式
  • 工作单格式
  • 卡片格式
书名: All's well that ends well and the merry wives of windsor
作者: by Denis Calandra.
分册号:
分册名:
出版地: Lincoln, Neb. :
 
出版社: Cliffs Notes
出版时间: c1985.
页数: 71 p. ;
开本: 21 cm.
丛书名:
中图分类号:
科图分类号:
其他分类号: I106
主题词:
电子资源:
000 01056cam 2200265Ia 4504
001 E0739644726
003 OCoLC
005 20070301110239.51
008 031204s1985 nbu b 000 0 eng d
020    @a0822000040.
040    @aNUL@cNUL
090    @aK553.74/W232
090    @aI106
099    @dI106@ex8:1(1)
100 1  @aCalandra, Denis.
245 10 @aAll's well that ends well and the merry wives of windsor :@bnotes / @cby Denis Calandra.
260    @aLincoln, Neb. :@bCliffs Notes,@cc1985.
300    @a71 p. ;@c21 cm.
500    @aCover title: Cliffs notes on Shakespeares's All's well that ends well and the merry wives of windsor.
504    @aBibliography : p. 70-71.
600 10 @aShakespeare, William,@d1564-1616.@tAll's well that ends well and the merry wives of windsor.
710 2  @aCliffs Notes, Inc.
740 0  @aCliffs notes on Shakespeare's All's well that ends well and the merry wives of windsor.
740 0  @aShakespeare's All's well that ends well and the merry wives of windsor.
920    @a232010@z2
    
    All's well that ends well and the merry wives of windsor : : notes / / by Denis Calandra.-Lincoln, Neb. : : Cliffs Notes, , c1985.
    71 p. ; ; 21 cm.
    Cover title: Cliffs notes on Shakespeares's All's well that ends well and the merry wives of windsor.-Bibliography : p. 70-71.
    
    ISBN 0822000040.
    
●
相关链接 在E读中查询图书 在五车中查询图书 在当当中查询图书 在豆瓣中查询图书


正题名:All's well that ends well and the merry wives of windsor     索取号:I106/x8:1(1)         预约/预借

序号 登录号 条形码 馆藏地/架位号 状态 备注
1 0184373   000434033   第四借阅区/ [索取号:I106/x8:1(1)] 在馆    
2 0184374   000434024   第四借阅区/ [索取号:I106/x8:1(1)] 在馆    
唐山师范学院图书馆 欢迎您!
大连网信软件有限公司© 版权所有